[Event "27th CRO-chT 1B-Men 2018"]
[Site "Biograd"]
[Date "2018.09.19"]
[Round "5.29"]
[White "Tomulic, Teo"]
[Black "Mathe, Gaspar"]
[Result "1-0"]
[WhiteElo "2264"]
[BlackElo "2308"]
[Annotator "TA"]
[PlyCount "143"]
[EventDate "2018.09.15"]
[EventType "team-tourn"]
[EventCountry "CRO"]
[SourceTitle "playchess.com"]
[Source "ChessBase"]
[SourceQuality "1"]

{[%evp 22,143,62,34,60,54,113,95,102,95,109,91,136,126,136,133,153,162,171,195,165,51,61,57,57,56,60,49,61,104,54,50,64,51,81,93,76,28,50,38,65,64,72,75,56,36,42,16,6,0,0,-104,0,0,0,-6,-10,-18,0,0,0,0,0,0,0,-3,0,0,0,-120,-113,-163,-122,-177,-166,-191,-200,-193,0,0,0,0,38,20,22,0,0,0,18,12,83,6,8,0,44,65,106,106,437,429,1131,514,518,405,395,369,846,833,834,781,683,623,2264,1974,4406,3854,2570,1968,2621,2577,29985,29986,29986,29987]} 1. e4 e5 2. Nf3 Nc6 3. Bb5 a6 4. Ba4 Nf6 5. O-O Be7 6. Re1 b5 7. Bb3 O-O 8. a4 Bb7 9. c3 d6 10. d4 Nd7 11. Nbd2 {[%cal Bb1d2,Bd2f1,Bf1g3][%mdl 32] C90: Closed Ruy Lopez with 7...d6: Early deviations} (11. d5 Na5 12. Ba2 c5 13. dxc6 Bxc6 14. axb5 axb5 15. Bd5 Nc4 16. Na3 Bxd5 17. Qxd5 Nxa3 18. Rxa3 Rxa3 19. bxa3 {½-½ (60) Ragger,M (2703)-Costachi,M (2430) Graz 2017}) 11... Bf6 12. Nf1 {LiveBook: 7 Games} Ne7 13. Ng3 {White is slightly better.} g6 (13... Ng6 $14) 14. Bh6 $16 Bg7 15. Qd2 c5 16. Rad1 $146 ({Predecessor:} 16. Bxg7 Kxg7 17. dxe5 dxe5 18. axb5 axb5 19. Rxa8 Bxa8 20. Rd1 Bc6 21. Nxe5 {1-0 (21) Jensen,J-Albinus,M Berlin 2007}) 16... exd4 17. cxd4 c4 18. Bc2 Re8 19. Qf4 Nf8 20. Bxg7 Kxg7 21. Qg5 ({White should try} 21. d5 $18) 21... Ng8 $1 $14 22. Nf5+ ({Of course not} 22. axb5 $6 Qxg5 23. Nxg5 axb5 $15) 22... Kh8 23. Qxd8 $1 Raxd8 24. Ng5 {[%cal Rg5f7]} gxf5 25. Nxf7+ Kg7 26. Nxd8 Rxd8 27. exf5 Kf6 28. axb5 axb5 29. Ra1 Nh6 30. Ra5 Bc6 31. Ra6 Bb7 $1 {[%cal Rb7a6]} 32. Rb6 $1 {[%cal Rb6b7]} Bc8 33. Rxb5 Nxf5 34. Bxf5 Bxf5 35. Re3 Ne6 36. d5 (36. Rb4 $11) 36... Nd4 (36... Nc7 $1 $17 {[%cal Rc7b5]} 37. Rb7 Nxd5) 37. Rb6 $11 h5 38. h3 h4 39. Kh2 Nc2 40. Rc3 Bd3 {And now ...Ke5 would win.} 41. b3 Ke5 $1 {[%cal Re5d4] White must now prevent ...Kd4.} 42. bxc4 Kd4 $1 {[%cal Rd4c3]} 43. Rcb3 Kxc4 44. Rb2 Kxd5 45. g4 {[#]} (45. Rb8 $11 {keeps the balance.} Rd7 46. Rc8) 45... Rf8 $1 $17 {[%cal Rf8f2]} 46. Kg2 Be4+ 47. Kf1 (47. Kg1 $17) 47... Ne3+ $19 48. Ke2 Nc4 49. Rb8 Nxb2 $2 (49... Rf7 $19 50. R2b7 Rf4) 50. Rxf8 $11 Kd4 51. g5 Bd3+ 52. Ke1 {[%mdl 1024] Strongly threatening Rf6. White has compensation.} Be4 53. Rf6 Nd3+ 54. Kd2 Ne5 55. Rxd6+ Kc5 {[#]} (55... Bd5 $11 {remains equal.} 56. Rh6 Nf3+ 57. Ke2 Nxg5) 56. Rh6 (56. Ra6 $1 $16) 56... Kd4 57. Rd6+ Kc5 58. Ra6 {Hoping for Ke3.} Kd4 59. Ra4+ Kd5 $2 {[%mdl 8192]} (59... Nc4+ $16 60. Ke2 Bf5) 60. Ke3 $18 Bf5 (60... Bc2 $142 61. Rxh4 Ng6 62. Rd4+ Ke6) 61. Rxh4 (61. Kf4 $142 Bxh3 62. Ra5+ Ke6 63. Rxe5+ Kf7 64. Rd5) 61... Ng6 62. Rh6 Ke5 63. h4 {[%cal Bh3h4,Bh4h5][%mdl 32]} Bb1 $2 (63... Nf4 64. Rh8 Bg6) 64. h5 Nf4 65. g6 Nd5+ 66. Kf3 Be4+ 67. Kg4 Kf6 68. Rh7 Bf5+ 69. Kh4 Be6 70. Ra7 Ne7 71. Rxe7 Kxe7 72. Kg5 {Precision: White = 51%, Black = 43%.} 1-0

[Event "27th CRO-chT 1B-Men 2018"]
[Site "Biograd"]
[Date "2018.09.19"]
[Round "5.30"]
[White "Vrban, Mladen"]
[Black "Safar, Sandro"]
[Result "1-0"]
[WhiteElo "2280"]
[BlackElo "2214"]
[Annotator "ChessBase"]
[PlyCount "95"]
[EventDate "2018.09.15"]
[EventType "team-tourn"]
[EventCountry "CRO"]
[SourceTitle "playchess.com"]
[Source "ChessBase"]
[SourceQuality "1"]
[TimeControl "40/5400+30:1800+30"]

1. e4 c5 2. Nc3 Nc6 3. f4 g6 4. Nf3 Bg7 5. Bc4 e6 6. O-O Nge7 7. Qe1 O-O 8. d3 Na5 9. e5 Nxc4 10. dxc4 d5 11. Qf2 b6 12. Rd1 Bb7 13. Nb5 Bc6 14. c3 a6 15. Na3 Qc7 16. Be3 Nf5 17. Bd2 f6 18. Re1 fxe5 19. Nxe5 Bb7 20. Nf3 Rae8 21. Re2 h6 22. Rae1 Nd6 23. Qg3 Qf7 24. Ne5 Bxe5 25. fxe5 Ne4 26. Rxe4 dxe4 27. Bxh6 Qf5 28. Bxf8 Rxf8 29. Nc2 Qh5 30. Ne3 Rd8 31. Ng4 Kg7 32. Rf1 Qg5 33. h4 Qe7 34. Rf6 Rh8 35. Qf4 Rh5 36. Qg3 Qe8 37. Ne3 b5 38. Kh2 Rh6 39. Qf4 Rh5 40. Kg3 Qe7 41. Qg4 Qe8 42. Rxe6 Qf7 43. Rd6 Bc6 44. Rxc6 Rxe5 45. Rd6 Kh7 {[%emt 2:12:45]} 46. h5 {[%emt 2:03:22]} g5 {[%emt 0:00:34]} 47. Rd7 {[%emt 0:00:30]} Re7 {[%emt 0:00:50]} 48. Qf5+ {[%emt 0:00:30]} 1-0

[Event "27th CRO-chT 1B-Men 2018"]
[Site "Biograd"]
[Date "2018.09.21"]
[Round "6.1"]
[White "Sedlak, Nikola"]
[Black "Srbis, Jurica"]
[Result "1-0"]
[WhiteElo "2587"]
[BlackElo "2428"]
[Annotator "TA"]
[PlyCount "91"]
[EventDate "2018.09.15"]
[EventType "team-tourn"]
[EventCountry "CRO"]
[SourceTitle "playchess.com"]
[Source "ChessBase"]
[SourceQuality "1"]

{[%evp 16,91,1,18,58,50,58,62,97,101,76,84,206,103,105,108,148,110,143,161,154,151,196,205,199,210,211,212,207,199,281,275,278,273,279,276,611,612,612,604,605,604,604,547,1233,1230,1092,599,545,543,533,506,565,543,564,602,575,681,652,615,596,556,895,701,29971,29963,29981,29981,29981,29982,29983,29984,29986,29987,29990,29985,29990,29991]} 1. d4 Nf6 2. Nf3 g6 3. Bg5 Bg7 4. Nbd2 d5 5. e3 O-O 6. Be2 Nbd7 7. O-O c5 8. c3 h6 9. Bh4 {LiveBook: 7 Games} Qb6 {D03: 1 d4 d5 2 Nf3 Nf6 3 Bg5, including Torre Attack with early ...d5} 10. Qb3 Qa5 $146 ({Predecessor:} 10... cxd4 11. cxd4 Qxb3 12. axb3 e5 13. Rfd1 exd4 14. Nxd4 Nc5 15. b4 Ne6 16. N2b3 {0-1 (61) Sasikiran,K (2659)-Kritz,L (2534) Tripoli 2004}) 11. a4 c4 {White is slightly better.} 12. Qa3 Re8 13. b3 Qxc3 (13... cxb3 $16 {is a better defense.} 14. Rfc1 (14. Qxb3 e5 $14) (14. Nxb3 Qd8 $14) 14... Nh5) 14. Rfc1 ({But not} 14. bxc4 $6 Qxa3 15. Rxa3 dxc4 $16) (14. a5 $1 $18 Qc2 15. bxc4) 14... Qa5 $16 {White should prevent ...g5.} 15. bxc4 e5 16. cxd5 {Nc4 is the strong threat.} e4 17. Nc4 $36 {[%mdl 2048] Keeping Black busy.} Qxd5 18. Nfe5 Bf8 {[#]} 19. Qb2 $1 Qe6 20. a5 Nd5 21. Nxd7 Bxd7 22. Ne5 Bd6 (22... Bc6 {keeps fighting.} 23. Bg3 Re7 24. Nxc6 bxc6) 23. Nxd7 $18 ({Not} 23. Qxb7 Bxe5 24. dxe5 Reb8 $16) 23... Qxd7 24. Bb5 Qg4 25. Bxe8 Bxh2+ $2 (25... Rxe8 26. Bg3 (26. Qxb7 Qxh4 27. g3 Qg5 $16) 26... Bxg3 27. hxg3 Qd7) 26. Kxh2 Qxh4+ 27. Kg1 {Strongly threatening Bxf7+.} Rxe8 28. Qxb7 Nf6 {Hoping for ...Ng4.} 29. Rc8 Ng4 30. Rxe8+ Kg7 31. Rg8+ Kxg8 {[%mdl 4096] Endgame [#] KQR-KQN} 32. Qb8+ $1 Kg7 33. Qg3 Qg5 34. d5 h5 35. Rd1 h4 36. Qf4 Qh5 37. Qxe4 h3 38. gxh3 Ne5 39. Kg2 Qxd1 40. Qxe5+ {KQ-KQ. White mates.} f6 41. Qe7+ Kh6 42. e4 Qd2 43. Qxf6 Qxa5 44. d6 {[%cal Bd5d6,Bd6d7][%mdl 32]} Qb4 45. Qh4+ Kg7 46. d7 {Precision: White = 86%, Black = 26%.} 1-0

[Event "27th CRO-chT 1B-Men 2018"]
[Site "Biograd"]
[Date "2018.09.20"]
[Round "6.2"]
[White "Ostovic, Matija"]
[Black "Nemeth, Miklos"]
[Result "1-0"]
[WhiteElo "2390"]
[BlackElo "2477"]
[Annotator "TA"]
[PlyCount "67"]
[EventDate "2018.09.15"]
[EventType "team-tourn"]
[EventCountry "CRO"]
[SourceTitle "playchess.com"]
[Source "ChessBase"]
[SourceQuality "1"]

{[%evp 18,67,43,37,97,99,110,109,200,189,175,195,201,200,193,195,180,188,219,199,173,171,310,304,421,410,412,412,408,404,439,415,518,510,553,531,531,518,862,856,928,810,796,466,6149,6420,29983,29984,29995,29996,29997,291]} 1. d4 Nf6 2. c4 e6 3. Nf3 b6 4. e3 Bb4+ 5. Nbd2 Bb7 6. Bd3 O-O 7. O-O c5 8. a3 Bxd2 9. Bxd2 cxd4 10. exd4 {LiveBook: 5 Games} d5 {[#] E14: Queen's Indian: Classical Variation (4 e3)} ({Black should try} 10... Bxf3 $14 11. Qxf3 Nc6) 11. c5 $1 $16 Nbd7 (11... Ne4 12. b4 Nd7 13. Rc1 Rc8 14. Bf4 bxc5 15. dxc5 Qf6 16. Be3 Rfd8 17. Qa4 e5 18. c6 Bxc6 {0-1 (68) Markus,R (2611)-Timman,J (2595) Germany 2013}) 12. Rc1 {Strongly threatening c6.} bxc5 (12... Rc8 $16) 13. dxc5 $18 {aiming for c6.} Rc8 14. b4 e5 15. Bf5 Rc7 16. Bg5 $146 {[%cal Bd2g5,Bg5h4,Bh4g3][%mdl 32]} ({Predecessor:} 16. Re1 e4 17. Bxd7 Nxd7 18. Bf4 exf3 19. Bxc7 Qxc7 {½-½ (83) Sorin,A (2430)-Garcia Trobat,F (2315) Corunha 1990}) 16... Re8 {[#]} 17. Re1 $1 h6 18. Bh4 d4 19. Bg3 g6 (19... Bc6 {might work better.} 20. Qb3 (20. Nxe5 Nxe5 21. Bxe5 Qd5 $11) 20... g6) 20. Bxd7 Rxd7 21. c6 Bxc6 22. Rxc6 e4 23. Ne5 Rd5 24. Nc4 e3 25. fxe3 Ne4 26. exd4 Rxd4 27. Qe2 Kh7 (27... Nf6 $142) 28. Be5 Ng5 29. Qf1 Rg4 30. Nd6 Re6 (30... Rxe5 $142 31. Rxe5 Nh3+ 32. Kh1 Rf4) 31. Nxf7 Nh3+ 32. Kh1 {White mates.} Qd2 {[#]} 33. Ng5+ $1 hxg5 (33... Qxg5 34. Qf7#) 34. Qf7+ {Precision: White = 95%, Black = 24%.} ({Less strong is} 34. Rxe6 Nf2+ 35. Qxf2 (35. Kg1 Nh3+ 36. Kh1 Nf2+ 37. Kg1 Nh3+ 38. Kh1 $16) 35... Qxf2 $16) 1-0

[Event "27th CRO-chT 1B-Men 2018"]
[Site "Biograd"]
[Date "2018.09.20"]
[Round "6.3"]
[White "Krstic, Uros"]
[Black "Ivekovic, Zvonimir"]
[Result "1/2-1/2"]
[WhiteElo "2364"]
[BlackElo "2424"]
[Annotator "TA"]
[PlyCount "106"]
[EventDate "2018.09.15"]
[EventType "team-tourn"]
[EventCountry "CRO"]
[SourceTitle "playchess.com"]
[Source "ChessBase"]
[SourceQuality "1"]

{[%evp 10,106,23,22,32,8,15,15,18,19,19,14,17,16,22,-8,15,0,0,0,0,0,0,0,0,0,0,0,44,50,44,16,39,39,33,0,14,0,57,45,91,95,112,58,56,54,95,58,64,0,56,0,120,8,8,0,0,0,0,0,0,0,0,0,68,0,87,87,86,78,114,114,114,108,106,87,87,85,98,97,131,0,0,0,0,0,0,0,0,0,0,0,0,0,0,0,0,0,0]} 1. d4 Nf6 2. Nf3 e6 3. Bf4 Be7 4. e3 Nh5 5. Bg3 Nxg3 6. hxg3 {LiveBook: 4 Partien. A46: Damenbauernspiele} c5 (6... h6 7. c4 d5 8. Nc3 c6 9. Bd3 Nd7 10. Qc2 Bf6 11. e4 dxc4 12. Bxc4 {1-0 (62) Naiditsch,A (2705)-Fedorchuk,S (2648) Riadh 2017}) 7. Nbd2 Nc6 8. dxc5 $146 ({Vorgänger:} 8. c3 d5 9. Bd3 h6 10. Qe2 b6 11. Bb5 Bd7 12. Bxc6 Bxc6 {1-0 (63) Kosic,D (2480)-Dehlinger,A (2268) Munich 2013}) 8... Qa5 9. c3 {Droht b4 und aus.} Qxc5 10. Qc2 h6 11. g4 d5 12. e4 Qb6 13. Bd3 Bd7 14. exd5 exd5 15. g5 O-O-O 16. gxh6 gxh6 17. Nb3 Kb8 18. Bf5 Bf6 19. Bxd7 Rxd7 20. Qf5 Re7+ 21. Kf1 $1 Ne5 22. Nxe5 Rxe5 23. Qd3 Rg5 (23... Rhe8 $11) 24. Re1 Rhg8 25. g3 $36 {[%mdl 2048] Weiss bestimmt, wo es lang geht.} h5 {[%cal Bh6h5,Bh5h4][%mdl 32]} 26. Re3 (26. Qf3 $16) 26... d4 $14 27. cxd4 Rd5 28. Qe2 h4 29. Rh3 (29. gxh4 $14 Bxd4 30. Nxd4 Rxd4 31. Rhh3) 29... Qc6 (29... hxg3 $11 30. Rexg3 Rxg3 31. Rxg3 Bxd4) 30. Qf3 (30. Rc3 $14 Qd7 31. gxh4) 30... Qd7 (30... hxg3 $11 {bleibt in der Remisbreite.} 31. Rxg3 Rgd8) 31. Kg2 (31. gxh4 $16 Bxd4 32. Nxd4 Rxd4 33. Rg3) 31... Bxd4 $11 32. Rd3 hxg3 $1 33. Rxg3 (33. Nxd4 {looks sharper.} Rxd4 34. Rxg3 Rd8 35. Rxd4 Qxd4 36. Rg4) 33... Rd8 34. Nxd4 Rxd4 35. Rxd4 Qxd4 36. Qxf7 {[%mdl 4096] Endspiel KDT-KDT} a6 (36... Qe4+ $11 37. Qf3 Qe5) 37. b3 (37. Rg8 $1 $14) 37... Qb6 (37... Qe4+ $11 {hält das Gleichgewicht.} 38. Qf3 Qh7) 38. Rg8 $16 Qc6+ 39. f3 Qc2+ 40. Kg3 Rxg8+ 41. Qxg8+ {KD-KD} Ka7 42. a4 Qc5 {[#] Droht stark ...Dg1+.} 43. Qc4 Qg5+ 44. Kf2 a5 45. Qb5 ({Besser ist} 45. Qd4+ $16 b6 46. b4) 45... Qxb5 $11 {Die Stellung ist ausgeglichen.} 46. axb5 {K3B-KBB} Kb6 47. Ke3 Kxb5 {KBB-KBB} 48. Kd3 Kc5 49. Kc3 b5 50. b4+ axb4+ 51. Kb3 Kd4 52. Kxb4 Ke3 53. Kxb5 Kxf3 {Precision: Weiß = 56%, Schwarz = 50%.} 1/2-1/2

[Event "27th CRO-chT 1B-Men 2018"]
[Site "Biograd"]
[Date "2018.09.20"]
[Round "6.4"]
[White "Mathe, Gaspar"]
[Black "Vernacki, Srdjan"]
[Result "1-0"]
[WhiteElo "2308"]
[BlackElo "2357"]
[Annotator "TA"]
[PlyCount "113"]
[EventDate "2018.09.15"]
[EventType "team-tourn"]
[EventCountry "CRO"]
[SourceTitle "playchess.com"]
[Source "ChessBase"]
[SourceQuality "1"]

{[%evp 26,113,49,31,43,40,55,25,63,65,72,72,61,19,50,58,69,51,49,47,50,31,37,39,62,62,61,62,153,135,107,90,87,57,56,33,44,44,104,44,59,12,94,55,73,63,73,86,87,83,90,89,92,56,197,197,204,215,220,218,221,209,242,185,559,269,277,0,559,560,531,314,320,313,491,475,420,421,527,210,585,592,29981,615,615,604,556,556,556,552]} 1. e4 c5 2. Nf3 e6 3. d4 cxd4 4. Nxd4 a6 5. Bd3 Nf6 6. O-O d6 7. c4 Be7 8. Nc3 O-O 9. b3 Qc7 10. Bb2 b6 11. Qe2 Bb7 12. Rac1 Nbd7 13. f4 {B42: Sicilian: Kan Variation: 5 Bd3} Rfe8 14. Kh1 {LiveBook: 7 Games} (14. Bb1 Bf8 15. Nf3 g6 16. Kh1 Bg7 17. Ng5 h6 18. Nh3 Rad8 19. Nf2 Qb8 20. Rcd1 Nc5 {1-0 (57) Lobron,E (2528)-Hera,I (2619) Germany 2016}) 14... Rac8 15. Rce1 {White is slightly better.} Nf8 $146 ({Predecessor:} 15... e5 16. Nf5 Bf8 17. Nd5 Bxd5 18. exd5 exf4 {0-1 (64) Bednarich,J (2231)-Corvi,M (2319) FICS INT 2001}) 16. f5 e5 17. Nc2 Qb8 18. Ne3 N8d7 19. Bc2 Qa8 {[%cal Rf6e4]} 20. Ned5 Nxd5 21. Nxd5 Bxd5 22. cxd5 b5 23. Bd3 {[%cal Bc2d3,Bd3b5,Bb5c6][%mdl 32]} Bg5 24. a4 bxa4 25. bxa4 Nc5 26. Ba3 a5 (26... Qa7 $14) 27. Bb5 $16 Red8 28. Bc6 Qa7 29. Qc4 Rb8 30. Rb1 Be3 31. Bb5 Rdc8 (31... f6 $14) 32. Rbe1 (32. f6 $16) 32... Bd2 33. Re2 (33. Rd1 $5 {[%cal Rd1d2]} Be3 34. Rf3 $11) 33... Bg5 (33... Bb4 $11 {keeps the balance.} 34. Bxb4 Nxa4 35. Bxd6 Rxc4 36. Bxb8 (36. Bxc4 Rc8 $17) 36... Qxb8 37. Bxc4 h5) 34. Qa2 h5 35. Ree1 h4 36. Qe2 Qe7 37. Rf3 Bf4 38. Rc3 Qg5 39. Bxc5 dxc5 ({Black should try} 39... Rxc5 $14 40. Rxc5 dxc5) 40. Rd1 $18 g6 41. fxg6 fxg6 42. d6 Kg7 43. d7 Rf8 44. Rf3 (44. Rxc5 Be3) 44... Bg3 $2 (44... Bc1 {is a better chance.} 45. Rc3 Bf4) 45. Rdf1 (45. hxg3 hxg3 46. Qe3 Qh5+ 47. Kg1 Qh2+ 48. Kf1 Qh1+ 49. Qg1 Rxf3+ 50. gxf3 Qxf3+ 51. Ke1 c4 $11) (45. Rxf8 $142 Rxf8 46. Qd3 (46. hxg3 hxg3 47. Kg1 Qh6 48. Qf3 Rxf3 49. gxf3 Qh2+ 50. Kf1 Qf2#)) 45... Bf4 46. Rd1 $2 (46. Qe1) 46... Bg3 $1 47. Rxf8 ({Not} 47. hxg3 hxg3 48. Kg1 Qh4 $11) 47... Rxf8 48. Qd2 (48. hxg3 {gets mated.} hxg3 49. Kg1 Qh4 50. Qf3 Rxf3 51. gxf3 Qh2+ 52. Kf1 Qf2#) 48... Qd8 49. Qd6 (49. hxg3 {is a self mate.} hxg3 50. Qg5 Qxg5 51. d8=Q Qh6+ 52. Qh4 Qxh4+ 53. Kg1 Qh2#) 49... Bf2 (49... Bf4 $142 50. Qxc5 Rf6) 50. Qxe5+ Kh7 51. Qe6 Bd4 52. Qe8 $2 (52. e5) 52... Qf6 $2 {[#]} (52... h3 {is more resistant.} 53. gxh3 Kg7) 53. e5 $1 {[%mdl 512]} Qf4 (53... Bxe5 54. d8=Q) 54. Qe7+ (54. Bd3 $142 Rg8 {[#]} 55. Bxg6+ $1 {[%mdl 512]} Kg7 56. Qxg8+ $1 {[%mdl 512]} Kxg8 57. d8=Q+ Kg7 58. Bd3 h3 59. Qe7+ Qf7 60. Qg5+ Kf8 61. Rf1 hxg2+ 62. Kxg2) 54... Kh6 {Strongly threatening ...h3.White is clearly winning.} 55. d8=Q Rxd8 56. Qxd8 Bxe5 {[%csl Ge5][%cal Rf4h2]} 57. Qd2 {Precision: White = 38%, Black = 27%.} 1-0

[Event "27th CRO-chT 1B-Men 2018"]
[Site "Biograd"]
[Date "2018.09.20"]
[Round "6.5"]
[White "Trbojevic, Mladen"]
[Black "Vrban, Mladen"]
[Result "0-1"]
[WhiteElo "2353"]
[BlackElo "2280"]
[Annotator "TA"]
[PlyCount "74"]
[EventDate "2018.09.15"]
[EventType "team-tourn"]
[EventCountry "CRO"]
[SourceTitle "playchess.com"]
[Source "ChessBase"]
[SourceQuality "1"]

{[%evp 13,74,1,0,-6,0,-22,-17,-17,-16,-15,-14,-49,-50,-54,-40,-66,-32,-21,-25,-64,-80,-122,-131,-239,-222,-433,-433,-745,-740,-777,-770,-773,-744,-996,-678,-996,-994,-1543,-1497,-29983,-29983,-29991,-1449,-1383,-931,-953,-945,-817,-826,-832,-823,-947,-920,-993,-980,-991,-1000,-969,-968,-999,-975,-980,-980]} 1. d4 g6 2. Bf4 Bg7 3. e3 d6 4. Nf3 Nd7 5. h3 e5 6. Bh2 Nh6 {A41: 1 d4 d6: Tartakower System and Modern Defence} (6... Ne7 7. Be2 O-O 8. O-O b6 9. c4 Bb7 10. Nc3 h6 11. Rc1 g5 12. b4 Ng6 13. dxe5 dxe5 14. Qc2 a5 {½-½ (56) Grachev,B (2654)-Fedoseev,V (2731) Sochi 2017}) 7. Be2 O-O {LiveBook: 27 Games} 8. c4 Nf5 {The position is equal.} 9. g4 $146 ({Predecessor:} 9. Nc3 Re8 10. O-O exd4 11. exd4 b6 12. Qd2 Bb7 13. Rad1 Rb8 14. d5 Nc5 {½-½ (93) Pham,L (2531)-Wang,J (2366) Beijing 2012}) 9... Nh4 10. Nxh4 Qxh4 11. Bg3 Qf6 {[%cal Re5d4]} 12. d5 e4 13. Nc3 Qe7 14. Qc2 Re8 15. Rd1 a5 16. O-O Nc5 17. f4 exf3 $1 18. Rxf3 (18. Bxf3 $17 Qxe3+ 19. Kg2) 18... f5 $1 $19 {[%cal Bf7f5,Bf5g4][%mdl 32]} 19. Rdf1 $2 (19. Rd4 {might work better.}) 19... fxg4 20. Rf7 (20. R3f2 $142 Bxc3 21. bxc3 gxh3 22. Kh2) 20... Qxe3+ 21. Bf2 Qxh3 {[#] ( -> ...Be5)} 22. Rxg7+ Kxg7 23. Nb5 Bf5 24. Bd4+ Kg8 25. Rxf5 gxf5 26. Qxf5 Qg3+ 27. Kh1 Qe1+ (27... Qh4+ $142 28. Kg2 Rxe2+ 29. Qf2 Rae8 30. b4 Rxf2+ 31. Bxf2 Re2 32. bxc5 Rxf2+ 33. Kg1 Qh2#) 28. Bf1 {Black is clearly winning.} Qe4+ 29. Qxe4 Rxe4 30. Bg2 {[#]} Rxd4 $1 31. Nxd4 {[%mdl 4096] Endgame KRN-KBN} Rf8 32. Kg1 Rf4 33. Nb5 Rxc4 34. Nxc7 Rc1+ 35. Kh2 Rc2 36. Ne8 Ne4 37. Kg1 Rc8 {Precision: White = 33%, Black = 89%.} 0-1

[Event "27th CRO-chT 1B-Men 2018"]
[Site "Biograd"]
[Date "2018.09.20"]
[Round "6.6"]
[White "Matijevic, Hrvoje"]
[Black "Horvat, David"]
[Result "1/2-1/2"]
[WhiteElo "2228"]
[BlackElo "2212"]
[Annotator "ChessBase"]
[PlyCount "28"]
[EventDate "2018.09.15"]
[EventType "team-tourn"]
[EventCountry "CRO"]
[SourceTitle "playchess.com"]
[Source "ChessBase"]
[SourceQuality "1"]
[TimeControl "40/5400+30:1800+30"]

1. d4 {[%emt 0:04:30]} Nf6 {[%emt 0:00:30]} 2. Nf3 {[%emt 0:00:30]} g6 {[%emt 0:00:00]} 3. Bg5 {[%emt 0:00:30]} Bg7 {[%emt 0:00:00]} 4. Nbd2 {[%emt 0:00:30]} c5 {[%emt 0:03:30]} 5. e3 {[%emt 0:12:30]} cxd4 {[%emt 0:01:30]} 6. exd4 {[%emt 0:00:30]} O-O {[%emt 0:02:30]} 7. Bd3 {[%emt 0:11:30]} d5 {[%emt 0:03:30]} 8. O-O {[%emt 0:00:00]} Nc6 {[%emt 0:09:30]} 9. c3 {[%emt 0:04:00]} Be6 {[%emt 0:11:30]} 10. Re1 {[%emt 0:04:30]} Qc8 {[%emt 0:06:30]} 11. Qc2 {[%emt 0:15:30]} Bf5 {[%emt 0:14:30]} 12. Bxf5 {[%emt 0:02:30]} Qxf5 {[%emt 0:00:30]} 13. Qxf5 {[%emt 0:00:30]} gxf5 {[%emt 0:00:00]} 14. Ne5 {[%emt 0:01:30]} Rfe8 {[%emt 0:11:00]} 1/2-1/2

[Event "27th CRO-chT 1B-Men 2018"]
[Site "Biograd"]
[Date "2018.09.21"]
[Round "6.7"]
[White "Ruck, Robert"]
[Black "Kosic, Dragan"]
[Result "1/2-1/2"]
[WhiteElo "2505"]
[BlackElo "2465"]
[Annotator "TA"]
[PlyCount "43"]
[EventDate "2018.09.15"]
[EventType "team-tourn"]
[EventCountry "CRO"]
[SourceTitle "playchess.com"]
[Source "ChessBase"]
[SourceQuality "1"]

{[%evp 26,43,22,16,16,18,18,17,27,22,41,48,47,39,58,28,49,20,29,14]} 1. e4 e6 2. d4 d5 3. Nc3 Nf6 4. e5 Nfd7 5. f4 c5 6. Nf3 Nc6 7. Be3 cxd4 8. Nxd4 Bc5 9. Qd2 O-O 10. O-O-O a6 11. Qf2 Nxd4 12. Bxd4 Qe7 13. Bd3 Bxd4 14. Qxd4 Qc5 {C11: French: Classical System: 4 e5 and 4 Bg5 dxe4} 15. Ne2 b5 16. Kb1 b4 {The position is equal.} 17. Rc1 Qxd4 18. Nxd4 Nc5 19. Rhd1 {[#]} Na4 $146 20. Re1 Bd7 21. Re3 a5 22. Be2 1/2-1/2

[Event "27th CRO-chT 1B-Men 2018"]
[Site "Biograd"]
[Date "2018.09.20"]
[Round "6.8"]
[White "Antunac, Goran"]
[Black "Horvath, Adam"]
[Result "0-1"]
[WhiteElo "2359"]
[BlackElo "2482"]
[Annotator "TA"]
[PlyCount "68"]
[EventDate "2018.09.15"]
[EventType "team-tourn"]
[EventCountry "CRO"]
[SourceTitle "playchess.com"]
[Source "ChessBase"]
[SourceQuality "1"]

{[%evp 14,68,13,17,21,13,13,13,13,1,14,9,10,0,0,0,9,0,0,-3,-3,0,-1,-10,0,-9,-16,-26,-5,-27,0,-14,-12,-14,-22,-24,-20,-291,-287,-262,-262,-311,-332,-318,-306,-521,-460,-492,-443,-525,-465,-629,-633,-978,-935,-29991,-29992]} 1. d4 Nf6 2. Nf3 e6 3. c4 d5 4. g3 dxc4 5. Bg2 Bd7 6. Ne5 Bc6 7. Nxc6 Nxc6 {[%cal Bb8c6,Bc6b4,Bb4d3][%mdl 32]} 8. e3 Qd7 {E04: Open Catalan: 5 Nf3} 9. O-O Rd8 10. Qa4 (10. Qe2 e5 11. Qxc4 exd4 12. Qb5 Rb8 13. Rd1 a6 14. Qf1 Bd6 15. exd4 O-O 16. Bh3 {½-½ (76) Tomashevsky,E (2722)-Bu,X (2698) Novi Sad 2016}) 10... Nb4 {The position is equal.} 11. Qxd7+ Rxd7 12. Na3 c5 13. dxc5 Bxc5 14. Nxc4 Nd3 15. b3 O-O 16. Ba3 Bxa3 17. Nxa3 Rfd8 $146 18. Nc4 e5 19. Rad1 e4 20. Rd2 b5 21. Na5 Ne5 (21... Rc7 {is more complex.} 22. b4 Rd5 23. Nb3 Nxb4 24. Nd4 a6) 22. Rxd7 Rxd7 23. Rc1 {Rc8+ would kill now.} g6 $36 {[%mdl 2048] Black has good play.} 24. h3 Rd2 25. Rc5 $2 {[%mdl 8192] [#]} (25. a4 $1 $11) 25... Nf3+ $1 $19 ({Inferior is} 25... Rxa2 26. Rxe5 Rxa5 27. Bxe4 $11) 26. Bxf3 exf3 {[%mdl 4096] Endgame KRN-KRN} 27. Rc1 Ne4 ({Don't play} 27... Rxa2 28. b4 $19) 28. Rf1 Rxa2 29. Nc6 $2 {[#]} (29. b4) 29... Nd2 30. Rd1 Nxb3 31. Rd8+ Kg7 32. g4 Nd2 33. h4 Ne4 34. g5 Rxf2 {Precision: White = 40%, Black = 84%.} 0-1